The very idea of organization : social ontology today : Kantian and Hegelian reconsiderations /
The Very Idea of Organization presents a philosophical account of the phenomenon of organization. It takes as its starting point a debate in organization studies about the foundations of organizational research. This debate, however, is running into difficulties regarding the basic concept of the re...
المؤلف الرئيسي:
التنسيق: كتاب الكتروني
اللغة: English
منشور في:
Boston :
Brill,
2015.
سلاسل:
Critical Studies in German Idealism
16.
Religious Studies, Theology and Philosophy E-Books Online, Collection 2015, ISBN: 9789004287471.
الموضوعات:
الوصول للمادة أونلاين: Login to view Source
الوسوم: إضافة وسم
رقم الطلب: HM786 .K75 2015eb
| LEADER | 03594nam a2200553 i 4500 | ||
|---|---|---|---|
| 001 | BRILL9789004302914 | ||
| 003 | nllekb | ||
| 005 | 20210602095943.0 | ||
| 006 | m d | ||
| 007 | cr un uuuua | ||
| 008 | 150728s2015 mau sb 001 0 eng d | ||
| 020 | |a 9789004302914 |q (electronic book) | ||
| 020 | |z 9789004302907 |q (print) | ||
| 024 | 7 | |a 10.1163/9789004302914 |2 DOI | |
| 035 | |a (OCoLC)914709912 |z (OCoLC)915311614 | ||
| 040 | |a NL-LeKB |c NL-LeKB |e rda | ||
| 050 | 4 | |a HM786 |b .K75 2015eb | |
| 072 | 7 | |a PSY |x 031000 |2 bisacsh | |
| 072 | 7 | |a HPS |2 bicssc | |
| 072 | 7 | |a SOC000000 |2 bisacsh | |
| 082 | 0 | 4 | |a 302.3/501 |2 23 |
| 100 | 1 | |a Krijnen, Christian. | |
| 245 | 1 | 4 | |a The very idea of organization : |b social ontology today : Kantian and Hegelian reconsiderations / |c by Christian H. Krijnen. |
| 264 | 1 | |a Boston : |b Brill, |c 2015. | |
| 300 | |a 1 online resource (x, 225 pages) | ||
| 336 | |a text |b txt |2 rdacontent | ||
| 337 | |a computer |b c |2 rdamedia | ||
| 338 | |a online resource |2 rdacarrier | ||
| 490 | 1 | |a Critical studies in German idealism, |x 1878-9986 ; |v v. 16 | |
| 504 | |a Includes bibliographical references and index. | ||
| 505 | 0 | 0 | |a Preliminary Material -- Introduction -- 1 What is Organization? From Organization Theory to Organizational Ontology -- 2 Towards an Idealist Social Ontology-Criticisms and Challenges -- 3 Constructing Social Reality-From Kantian Transcendental Philosophy to a Hegelian Concept of the Social -- 4 Social Reality as Existence of Freedom-Hegelian versus Kantian Idealism on Actualizing Validity -- 5 The Very Idea of Organization-Phenomenology Revisited -- 6 The Very Idea of Organization-A Hegelian Account -- Epilog -- References -- Index of Names -- Index of Terms. |
| 506 | |a Available to subscribing member institutions only. | ||
| 520 | |a The Very Idea of Organization presents a philosophical account of the phenomenon of organization. It takes as its starting point a debate in organization studies about the foundations of organizational research. This debate, however, is running into difficulties regarding the basic concept of the reality that organization studies deal with, that is regarding the ontology of organization. A convincing organizational ontology is not in sight. Therefore, Krijnen introduces a new meta-perspective, offering a more comprehensive and more fundamental social ontology in general as well as an organizational ontology in particular. Exploring the Kantian and Hegelian tradition of philosophy, he convincingly shows that a rejuvenated type of German idealism contains intriguing possibilities for developing a present-day social and organizational philosophy. | ||
| 600 | 1 | 0 | |a Kant, Immanuel, |d 1724-1804. |
| 600 | 1 | 0 | |a Hegel, Georg Wilhelm Friedrich, |d 1770-1831. |
| 600 | 1 | 7 | |a Hegel, Georg Wilhelm Friedrich, |d 1770-1831. |2 fast |
| 600 | 1 | 7 | |a Kant, Immanuel, |d 1724-1804. |2 fast |
| 650 | 0 | |a Organizational sociology |x Philosophy. | |
| 650 | 0 | |a Ontology. | |
| 650 | 7 | |a Ontology. |2 fast | |
| 650 | 7 | |a Organizational sociology |x Philosophy. |2 fast | |
| 655 | 0 | |a Electronic books. | |
| 776 | 0 | 8 | |i Print version: |a Krijnen, Christian, author. |t Very idea of organization |z 9789004302907 |w (DLC) 2015023024 |w (OCoLC)913647333 |
| 830 | 0 | |a Critical Studies in German Idealism |v 16. | |
| 830 | 0 | |a Religious Studies, Theology and Philosophy E-Books Online, Collection 2015, ISBN: 9789004287471. | |
| 856 | 4 | |z DOI: |u http://dx.doi.org/10.1163/9789004302914 | |
| 942 | |c EBOOK | ||
| 952 | |0 0 |1 0 |4 0 |7 1 |9 13635 |a BRILL |b BRILL |d 2021-06-02 |l 0 |r 2021-06-02 00:00:00 |w 2021-06-02 |y EBOOK | ||
| 999 | |c 35087 |d 35087 | ||
